Most Popular Songs in USA 2/28/2026 - Statistics

General Stats
  • This quiz has been taken 13 times
  • The average score is 8 of 15
Answer Stats
Rank Artist (Version) Answer Streams Radio Airplay Sales % Correct
11. Sombr Back to Friends 8.6 Million 57.3 Million 0.9 Thousand
90%
7. HUNTR/X Golden 12.5 Million 55 Million 3 Thousand
90%
1. Taylor Swift Opalite 11.4 Million 58.9 Million 168 Thousand
90%
5. Alex Warren Ordinary 16.1 Million 56.5 Million 3.5 Thousand
80%
3. Olivia Dean Man I Need 16.8 Million 62.8 Million 3.5 Thousand
70%
8. Taylor Swift The Fate Of Ophelia 11.5 Million 50.3 Million 2.5 Thousand
70%
4. Bad Bunny DtMF 25.1 Million 5.2 Million 3.5 Thousand
60%
13. Kehlani Folded 8.4 Million 52 Million 0.7 Thousand
60%
2. Ella Langley Choosin' Texas 21.3 Million 39.9 Million 7.5 Thousand
50%
6. Bruno Mars I Just Might 11.8 Million 65.2 Million 4.5 Thousand
50%
14. Olivia Dean So Easy (To Fall In Love) 12.1 Million 18.4 Million 4 Thousand
50%
12. Bad Bunny NUEVAyol 15.5 Million 2.7 Million 2 Thousand
30%
9. Bad Bunny Titi Me Pregunto 18.9 Million 1.1 Million 4.5 Thousand
30%
10. Bad Bunny BAILE inoLVIDAIBLE 17.3 Million 4 Million 1.5 Thousand
0%
15. Luke Combs Be Like You 13.6 Million 0 5 Thousand
0%
No matching quizzes found
Score Distribution
Percent of People with Each Score
Percentile by Number Answered
Your Score History
You have not taken this quiz